The little prince / (Record no. 145121)

MARC details
000 -LEADER
fixed length control field 00528nam a22001817a 4500
010 ## - LCCN (DPL NO)
LC control number B-680709
020 ## - INTERNATIONAL STANDARD BOOK NUMBER
International Standard Book Number 9789350493854
Terms of availability 595.00
035 ## - SYSTEM CONTROL NUMBER
System control number B-680709
037 ## - SOURCE OF ACQUISITION
Stock number DPL
Source of stock number/acquisition Book Treasure
082 ## - DEWEY DECIMAL CLASSIFICATION NUMBER
Classification number S
100 ## - MAIN ENTRY--PERSONAL NAME
Personal name Saint-Exupery, Antoine de
245 ## - TITLE STATEMENT
Title The little prince /
Statement of responsibility, etc Saint-Exupery Antoine De
260 ## - PUBLICATION, DISTRIBUTION, ETC. (IMPRINT)
Place of publication, distribution, etc UK
Name of publisher, distributor, etc Parragon Book
Date of publication, distribution, etc 2016
270 ## - ADDRESS
Address Chartist House, 15-17 Trim Street Bath
City BA1 1HA UK
300 ## - PHYSICAL DESCRIPTION
Extent 125p.
Dimensions 27cm(Hb)
942 ## - ADDED ENTRY ELEMENTS (KOHA)
Source of classification or shelving scheme Dewey Decimal Classification
Item type Children Books
Call number suffix SAI
Classification part S
Holdings
Withdrawn status Lost status Not for loan Collection code Home library Current library Date acquired Source of acquisition Cost, normal purchase price Full call number Barcode Copy number Cost, replacement price Koha item type
      Fiction Sarojini Nagar Sarojini Nagar 20/09/2017 DBAD/Children/Gift 595.00 S SAI B-680709 1 595.00 Children Books

© Delhi Public Library
Hit Counter
free hit counter